<?xml version="1.0" encoding="UTF-8"?>
<marc:record xmlns:marc="http://www.loc.gov/MARC21/slim">
   <marc:leader>00000nam a2200000 a 4500</marc:leader>
   <marc:datafield ind1="1" ind2=" " tag="100">
      <marc:subfield code="a">Taylor, Victoria</marc:subfield>
      <marc:subfield code="4">aut</marc:subfield>
      <marc:subfield code="e">Verfasser/-in</marc:subfield>
   </marc:datafield>
   <marc:datafield ind1="1" ind2=" " tag="100">
      <marc:subfield code="a">March, Julia</marc:subfield>
      <marc:subfield code="4">aut</marc:subfield>
      <marc:subfield code="e">Verfasser/-in</marc:subfield>
   </marc:datafield>
   <marc:datafield ind1="0" ind2="0" tag="245">
      <marc:subfield code="a">MARVEL Avengers - Die Superhelden retten die Welt</marc:subfield>
   </marc:datafield>
   <marc:datafield ind1=" " ind2="1" tag="264">
      <marc:subfield code="a">München</marc:subfield>
      <marc:subfield code="b">Dorling Kindersley Verlag</marc:subfield>
      <marc:subfield code="c">2020</marc:subfield>
   </marc:datafield>
   <marc:datafield ind1="1" ind2=" " tag="490">
      <marc:subfield code="a">Superleser! - 3. Lesestufe</marc:subfield>
   </marc:datafield>
   <marc:datafield ind1=" " ind2=" " tag="250">
      <marc:subfield code="a">2. Aufl.</marc:subfield>
   </marc:datafield>
   <marc:datafield ind1="1" ind2=" " tag="520">
      <marc:subfield code="a">Bereit für ein neues Abenteuer der MARVEL Avengers? In einer spannenden Sachgeschichte treffen Leseanfänger ab der zweiten bis dritten Schulklasse auf alle großen MARVEL-Helden. Ob Captain America, Hulk oder Ant-Man, jede Doppelseite des Superleser!-Buchs stellt einen Star aus der Gruppe vor -und zwar erstlesergerecht in Fibelschrift. Außerdem enthalten die umfangreichen Kapitel dieses MARVEL-Buchs komplexes Lesefutter über die bedeutendsten Kämpfe und Ereignisse. Wie zum Beispiel den Superhelden-Aufstand gegen das Gesetz, nach dem sich Menschen mit Superkräften registrieren müssen. Mit Original-Comic-Illustrationen, einem coolen Quiz mit 15 Fragen zum Text, informativen Sachseiten und einem Lesebändchen! (Verl.txt)</marc:subfield>
   </marc:datafield>
   <marc:datafield ind1=" " ind2=" " tag="020">
      <marc:subfield code="a">9783831035229</marc:subfield>
      <marc:subfield code="9">9783831035229</marc:subfield>
   </marc:datafield>
   <marc:datafield ind1=" " ind2=" " tag="020">
      <marc:subfield code="a">3831035229</marc:subfield>
      <marc:subfield code="9">3831035229</marc:subfield>
   </marc:datafield>
   <marc:datafield ind1=" " ind2=" " tag="500">
      <marc:subfield code="a">Aus dem Englischen von Jan Dinter; zahlr. ill.</marc:subfield>
   </marc:datafield>
   <marc:datafield ind1=" " ind2=" " tag="300">
      <marc:subfield code="a">96 S.</marc:subfield>
   </marc:datafield>
</marc:record>
